ბათუმის შოთა რუსთაველის სახელმწიფო უნივერსიტეტის ბიბლიოთეკა

Справочник руководителя предприятия общественного питания. (ბიბ.ჩანაწერი № 47888)

000 -LEADER
fixed length control field 00753nam a2200205Ia 4500
001 - CONTROL NUMBER
control field 14765
003 - CONTROL NUMBER IDENTIFIER
control field GE_BSU
008 - FIXED-LENGTH DATA ELEMENTS--GENERAL INFORMATION
fixed length control field 181216s||||||||xx |||||||||||||| ||und||
040 ## - CATALOGING SOURCE
Transcribing agency GE_BSU
080 ## - UNIVERSAL DECIMAL CLASSIFICATION NUMBER
Universal Decimal Classification number 640.4(035.5)
245 ## - TITLE STATEMENT
Title Справочник руководителя предприятия общественного питания.
245 ## - TITLE STATEMENT
Statement of responsibility, etc. Сост. А.Ф.Юрченко, Е.В.Зенчева, под редю А.Н.Ершова. Ред. Н.Н.Ставицкая.
260 ## - PUBLICATION, DISTRIBUTION, ETC.
Place of publication, distribution, etc. М.
260 ## - PUBLICATION, DISTRIBUTION, ETC.
Name of publisher, distributor, etc. Экономика.
260 ## - PUBLICATION, DISTRIBUTION, ETC.
Date of publication, distribution, etc. 1970.
300 ## - PHYSICAL DESCRIPTION
Extent 631 стр. 22 см.
300 ## - PHYSICAL DESCRIPTION
Accompanying material Табл.
653 ## - INDEX TERM--UNCONTROLLED
Uncontrolled term Справочник руководителя предприятия общественного питания.
942 ## - ADDED ENTRY ELEMENTS (KOHA)
Koha item type წიგნი
ეგზემპლარები
Withdrawn status Lost status Damaged status Not for loan Date acquired Barcode Date last seen Price effective from Koha item type
        2018-12-17 10343 2018-12-17 2018-12-17 წიგნი